|
|
|
|
| LEADER |
01919nam a2200433 i 4500 |
| 001 |
EBC6213330 |
| 003 |
MiAaPQ |
| 005 |
20200905052539.0 |
| 006 |
m o d | |
| 007 |
cr cnu|||||||| |
| 008 |
200905s2020 enk ob 001 0 eng d |
| 020 |
|
|
|z 9781789735789
|
| 020 |
|
|
|a 9781789735796 (e-book)
|
| 035 |
|
|
|a (MiAaPQ)EBC6213330
|
| 035 |
|
|
|a (Au-PeEL)EBL6213330
|
| 035 |
|
|
|a (OCoLC)1157085581
|
| 040 |
|
|
|a MiAaPQ
|b eng
|e rda
|e pn
|c MiAaPQ
|d MiAaPQ
|
| 043 |
|
|
|a d------
|
| 050 |
|
4 |
|a HC59.7
|b .A383 2020
|
| 082 |
0 |
|
|a 330.91724
|2 23
|
| 245 |
0 |
0 |
|a Advanced issues in the economics of emerging markets /
|c edited by William A. Barnett, Bruno S. Sergi.
|
| 264 |
|
1 |
|a Bingley, England :
|b Emerald Publishing,
|c [2020]
|
| 264 |
|
4 |
|c 2020
|
| 300 |
|
|
|a 1 online resource (xii, 179 pages).
|
| 336 |
|
|
|a text
|b txt
|2 rdacontent
|
| 337 |
|
|
|a computer
|b c
|2 rdamedia
|
| 338 |
|
|
|a online resource
|b cr
|2 rdacarrier
|
| 490 |
1 |
|
|a International symposia in economic theory and econometrics ;
|v Volume 27
|
| 504 |
|
|
|a Includes bibliographical references and index.
|
| 588 |
|
|
|a Description based on print version record.
|
| 590 |
|
|
|a Electronic reproduction. Ann Arbor, MI : ProQuest, 2018. Available via World Wide Web. Access may be limited to ProQuest affiliated libraries.
|
| 651 |
|
0 |
|a Developing countries
|x Economic conditions.
|
| 655 |
|
4 |
|a Electronic books.
|
| 700 |
1 |
|
|a Barnett, William A.,
|e editor.
|
| 700 |
1 |
|
|a Sergi, Bruno S.,
|e editor.
|
| 776 |
0 |
8 |
|i Print version:
|t Advanced issues in the economics of emerging markets.
|d Bingley, England : Emerald Publishing, c2020
|h xii, 179 pages
|k International symposia in economic theory and econometrics ; Volume 27
|z 9781789735789
|
| 797 |
2 |
|
|a ProQuest (Firm)
|
| 830 |
|
0 |
|a International symposia in economic theory and econometrics ;
|v Volume 27.
|
| 856 |
4 |
0 |
|u https://ebookcentral.proquest.com/lib/matrademy/detail.action?docID=6213330
|z Click to View
|